[Event "Berga op"]
[Site "Berga"]
[Date "1995.??.??"]
[Round "5"]
[White "Marin, Mihail"]
[Black "Magem Badals, Jorge"]
[Result "1/2-1/2"]
[WhiteElo "2520"]
[BlackElo "2560"]

1.c4 c6 2.e4 d5 3.exd5 cxd5 4.cxd5 Nf6 5.Nc3 Nxd5 6.d4 Nc6 7.Nf3 Bg4 8.Qb3 Bxf3
9.gxf3 Nb6 10.Be3 e6 11.Rd1 Bb4 12.a3 Ba5 13.Bd3 Rc8 14.Rg1 O-O 15.Kf1 Bxc3
16.bxc3 g6 17.Bh6 Re8 18.Rg5 Nd5 19.c4 Na5 20.Qb1 Nc3 21.Qc2 Nxd1 22.Bxg6 hxg6
23.Rxg6+ Kh8 24.Bg5 fxg6 25.Bxd8 Rcxd8 26.Qxg6 Nxc4 27.Qh6+  1/2-1/2

[Event "Berliner Sommer"]
[Site "Berlin"]
[Date "1995.??.??"]
[Round "7"]
[White "Otte, Marco"]
[Black "Delander, Adolf"]
[Result "0-1"]
[WhiteElo "2065"]
[BlackElo "2335"]

1.c4 c6 2.Nf3 d5 3.b3 Nf6 4.Bb2 Bf5 5.e3 e6 6.Be2 Bd6 7.O-O Nbd7 8.d3 O-O
9.h3 e5 10.cxd5 cxd5 11.Nbd2 Qe7 12.Re1 Rac8 13.Bf1 Bg6 14.Nh4 Rfd8 15.Nxg6 hxg6
16.e4 dxe4 17.dxe4 Nh5 18.Qf3 Bb4 19.Red1 Rc2 20.Nc4 Bc5 21.Rd2 Rxd2 22.Nxd2 Nb6
23.Nc4 Nxc4 24.Bxc4 Rd2 25.Bc1 Rxf2 26.Qxf2 Bxf2+ 27.Kxf2 Qh4+  0-1

[Event "Berliner Sommer"]
[Site "Berlin"]
[Date "1995.??.??"]
[Round "9"]
[White "Tyrtania, Maximilian"]
[Black "Yagupov, Igor"]
[Result "0-1"]
[WhiteElo "2250"]
[BlackElo "2405"]

1.c4 c6 2.e4 d5 3.exd5 Nf6 4.d4 cxd5 5.Nc3 Nc6 6.Bg5 Qa5 7.Bxf6 exf6 8.c5 Be7
9.Bb5 O-O 10.Ne2 a6 11.Ba4 Be6 12.O-O f5 13.Nf4 Bg5 14.Nfxd5 Bxd5 15.Nxd5 Rad8
16.Bb3 Bd2 17.Qh5 Kh8 18.Qh4 Rd7 19.Rad1 Rfd8 20.Qh5 g6 21.Qe2 Bh6 22.Qf3 Bg7
23.Qc3 Rxd5 24.Bxd5 Rxd5 25.Qb3 Qd8 26.Qxb7 Nxd4 27.Rb1 Rxc5 28.Qxa6 h5 29.b4 Rc2
30.b5 Qd5 31.b6 Ne2+ 32.Kh1 Nf4 33.Rg1 Nd3 34.Rbf1 Rb2 35.a4 Be5 36.a5 Rxf2
37.b7 Rb2 38.Qa7 Kh7 39.a6 h4 40.Qe3 f4 41.Qh3 Nf2+ 42.Rxf2 Rxf2 43.Rb1 Qb5
44.Rg1 Rf1 45.g3 Rxg1+ 46.Kxg1 Bd4+  0-1

[Event "Berliner Sommer"]
[Site "Berlin"]
[Date "1995.??.??"]
[Round "9"]
[White "Eingorn, Vereslav S"]
[Black "Rogozenko, Dorin"]
[Result "1-0"]
[WhiteElo "2600"]
[BlackElo "2440"]

1.c4 c6 2.Nf3 d5 3.d4 Nf6 4.Nc3 a6 5.c5 Nbd7 6.Bf4 Nh5 7.Be3 e6 8.g4 Nhf6
9.g5 Nh5 10.Bh3 g6 11.Bg4 Bg7 12.Bxh5 gxh5 13.Bf4 O-O 14.Qd2 b6 15.cxb6 Qxb6
16.Rc1 Re8 17.Na4 Qb5 18.Nc5 Nf8 19.Be5 Ng6 20.Bxg7 Kxg7 21.Ne5 Nxe5 22.dxe5 Rb8
23.b3 Qb4 24.Qxb4 Rxb4 25.Nd3 Rb6 26.Rc5 Kg6 27.h4 Kf5 28.Rh3 Kg6 29.Rf3 Kg7
30.Nf4 Re7 31.Nxh5+ Kg6 32.Nf4+ Kg7 33.Kd2 Ra7 34.Rfc3 Bb7 35.h5 Rb4 36.h6+ Kh8
37.Rf3 Kg8 38.Nh5 Ba8 39.a3 Rd4+ 40.Rd3 Rh4 41.Nf6+ Kh8 42.b4 Re7 43.Rdc3 Bb7
44.Rxc6 Bxc6 45.Rxc6 Rc4 46.Rxc4 dxc4 47.Kc3 Rc7 48.a4 Rc8 49.Ne4 Kg8 50.Nd6 Rc7
51.b5  1-0

[Event "Bern op"]
[Site "Bern"]
[Date "1995.??.??"]
[Round "6"]
[White "Gulko, Boris F"]
[Black "Barkhagen, Jonas"]
[Result "1-0"]
[WhiteElo "2595"]
[BlackElo "2400"]

1.c4 c6 2.e4 d5 3.exd5 cxd5 4.d4 Nf6 5.Nc3 e6 6.Nf3 Be7 7.cxd5 exd5 8.Bd3 O-O
9.h3 Nc6 10.O-O Be6 11.Re1 h6 12.Bf4 Nh5 13.Be3 Bd6 14.Ng5 Nf6 15.Nxe6 fxe6
16.Rc1 Rc8 17.a3 Bb8 18.Rc2 Ne7 19.Bc1 Qd6 20.g3 Nf5 21.Bf4 Qd7 22.Bxf5 exf5
23.Bxb8 Rxb8 24.Re5 Rbc8 25.Qf3 Rc4 26.Rxf5 Rxd4 27.Re2 Rd8 28.Rxf6  1-0

[Event "Biel op"]
[Site "Biel"]
[Date "1995.??.??"]
[Round "5"]
[White "Razuvaev, Yuri S"]
[Black "Pelletier, Yannick"]
[Result "1-0"]
[WhiteElo "2585"]
[BlackElo "2460"]

1.c4 c6 2.Nf3 d5 3.d4 Nf6 4.Qc2 dxc4 5.Qxc4 Bg4 6.Nbd2 Nbd7 7.g3 e6 8.Bg2 Bd6
9.Qb3 Qb6 10.Nc4 Qxb3 11.Nxd6+ Ke7 12.axb3 Bxf3 13.Bxf3 Kxd6 14.Bd2 Rhd8
15.Ba5 Nb6 16.e3 Nfd7 17.Ke2 e5 18.Rhd1 Ke6 19.Bg2 f5 20.dxe5 Nxe5 21.Rxd8 Rxd8
22.Bc3 Nc8 23.f4 Ng4 24.Bxg7 Nxh2 25.Rh1 Ng4 26.Bf3 Rd7 27.Bc3 Nd6 28.Bxg4 fxg4
29.Rh6+ Kf5 30.Rh5+ Kg6 31.Rg5+ Kf7 32.Rxg4 Nf5 33.e4 Nd4+ 34.Ke3 c5 35.Rg5 b6
36.f5 Nxb3 37.e5 Nd4 38.Ke4 a5 39.Rh5  1-0

[Event "GER-ch"]
[Site "Binz"]
[Date "1995.??.??"]
[Round "4"]
[White "Schaller, Sven"]
[Black "Odendahl, Reiner"]
[Result "1/2-1/2"]
[WhiteElo "2275"]
[BlackElo "2370"]

1.c4 c6 2.g3 Nf6 3.Bg2 d5 4.Nf3 Bg4 5.cxd5 cxd5 6.Ne5 Bh5 7.Nc3 Nbd7 8.Qa4 e6
9.e4 dxe4 10.Nxe4 Be7 11.d4 Nd5 12.O-O f6 13.Nxd7 Qxd7 14.Qxd7+ Kxd7 15.Bd2 Rac8
16.Rac1 b6 17.Nc3 Nxc3 18.Bxc3  1/2-1/2

[Event "Bled op"]
[Site "Bled"]
[Date "1995.??.??"]
[Round "1"]
[White "Fucak, Emilijo"]
[Black "Burmakin, Vladimir"]
[Result "1/2-1/2"]
[WhiteElo "2275"]
[BlackElo "2555"]

1.c4 c6 2.d4 d5 3.cxd5 cxd5 4.Nf3 Nf6 5.Nc3 e6 6.g3 Ne4 7.Nd2 Nxd2 8.Qxd2 Nc6
9.Bg2 Qb6 10.e3 Bd7 11.O-O f5 12.b3 Qd8 13.Bb2 h5 14.e4 dxe4 15.f3 exf3 16.Rxf3 Be7
17.Re1 O-O 18.d5 exd5 19.Nxd5 Re8 20.Nxe7+ Rxe7 21.Rfe3 Rxe3 22.Rxe3 Be8
23.Qc3 Qg5 24.h4 Qf6 25.b4 Rd8  1/2-1/2

[Event "Bled op"]
[Site "Bled"]
[Date "1995.??.??"]
[Round "1"]
[White "Petek, Pavel"]
[Black "Ivacic, Vladimir"]
[Result "0-1"]
[WhiteElo "2085"]
[BlackElo "2300"]

1.c4 c6 2.Nc3 d5 3.d4 Nf6 4.e3 g6 5.Qb3 Bg7 6.cxd5 cxd5 7.Bb5+ Nc6 8.Nf3 O-O
9.Bd2 Na5 10.Qa3 a6 11.Bd3 b6 12.O-O Bb7 13.Na4 Nc4 14.Qb3 Bc6 15.Bxc4 dxc4
16.Qxc4 Bxf3 17.Qb4 Bc6 18.Rac1 a5 19.Qb3 Bxa4 20.Qxa4 Ne4  0-1

[Event "Bled op-B"]
[Site "Bled"]
[Date "1995.??.??"]
[Round "5"]
[White "Muhtarov, Leonid"]
[Black "Bajo, I."]
[Result "1-0"]
[WhiteElo "2175"]
[BlackElo "1885"]

1.c4 c6 2.Nf3 d5 3.d4 Nf6 4.Nbd2 e6 5.Qc2 dxc4 6.Nxc4 Nbd7 7.e4 Be7 8.Bd3 h6
9.Bd2 O-O 10.b4 Re8 11.O-O Nb6 12.Na5 Nh7 13.Bc3 Qc7 14.Rac1 Nd7 15.Qb2 Bf6
16.d5 c5 17.e5 Bd8 18.d6 Qb8 19.Rfd1 cxb4 20.Bxb4 Nb6 21.d7 Nxd7 22.Bd6 Bxa5
23.Bxb8 Rxb8 24.Qb5 Bb6 25.Rxc8 Rbxc8 26.Qxd7 Red8 27.Qxb7 Nf8 28.Qe4 Ng6
29.h4 Rc7 30.h5 Nf8 31.g3 Rcd7 32.Kg2 Rd5 33.Qe2 Nh7 34.Bc2 Rxd1 35.Bxd1 Nf8
36.Bc2 Rd5 37.Qe4 Rd8 38.g4 g6 39.hxg6 Nxg6 40.Kg3 Re8 41.Nh4 Nf8 42.Qf4 Rc8
43.Bb1 Rc3+ 44.Kg2 Bc7 45.Nf3 Rc4 46.Qxh6 Bxe5 47.Qg5+  1-0

[Event "SWE-ch"]
[Site "Borlange"]
[Date "1995.??.??"]
[Round "5"]
[White "Ornstein, Axel"]
[Black "Eklund, Lars Goran"]
[Result "1/2-1/2"]
[WhiteElo "2450"]
[BlackElo "2330"]

1.c4 c6 2.e4 e5 3.Nf3 d6 4.d4 Nd7 5.Nc3 Ngf6 6.g3 Be7 7.Bg2 O-O 8.O-O a6
9.h3 b5 10.c5 b4 11.cxd6 Bxd6 12.Na4 Bb7 13.dxe5 Nxe5 14.Nxe5 Bxe5 15.Be3 Re8
16.Qc2 Qe7 17.Rad1 a5 18.f4 Bb8 19.Rfe1 Ba7 20.Bxa7 Rxa7 21.Qc5 Bc8 22.e5 Nd5
23.Qxc6 Bd7 24.Qxd5 Bxa4 25.b3 Bd7 26.Qd6 Kf8 27.g4 g6 28.Qd4 Be6 29.Rf1 Rd7
30.Qb6 Rc8 31.Qxa5 Ra7 32.Qb6 Rxa2 33.Qd6 Bxb3 34.Rd4 Qxd6 35.exd6 Rcc2 36.Be4 Rc3
37.Bd3 Ba4 38.d7 Bxd7 39.Rxd7 Rd2 40.Bb5 Rg3+ 41.Kh1 Rxh3+ 42.Kg1  1/2-1/2

[Event "SWE-ch"]
[Site "Borlange"]
[Date "1995.??.??"]
[Round "7"]
[White "Ornstein, Axel"]
[Black "Wessman, Richard"]
[Result "1-0"]
[WhiteElo "2450"]
[BlackElo "2440"]

1.c4 c6 2.e4 d5 3.exd5 cxd5 4.d4 Nf6 5.Nc3 Nc6 6.Bg5 Qa5 7.Bxf6 exf6 8.cxd5 Bb4
9.Qd2 Bxc3 10.bxc3 Qxd5 11.Nf3 Bh3 12.c4 Qe6+ 13.Qe3 Bg4 14.d5 Qxe3+ 15.fxe3 Bxf3
16.gxf3 Ne5 17.Rb1 O-O-O 18.f4 Nd7 19.Bh3 Kc7 20.Bxd7 Rxd7 21.Kd2 f5 22.a4 Kd6
23.Rb4 Rc8 24.a5 Rc5 25.Rhb1 Rcc7 26.Kc3 Re7 27.Kd3 Re4 28.h4 h5 29.R1b3 g6
30.Rxb7 Rexc4 31.Rxa7 Rxa7 32.Kxc4 Rxa5 33.Rb6+ Ke7 34.Rb7+ Kd6 35.Rb6+ Ke7
36.Rb5 Ra3 37.Kd4 Kd6 38.Rb6+ Ke7 39.Rb7+ Kd6 40.Rxf7 Ra4+ 41.Kd3 Kxd5 42.Rf6 Ra3+
43.Ke2 Ra2+ 44.Kf3 Rh2 45.Rxg6 Kc4 46.Rf6 Rh3+ 47.Kf2 Kd3 48.Rxf5 Rxh4 49.Rd5+ Ke4
50.Re5+ Kd3 51.f5 Rh2+ 52.Kf3 Rh1 53.Rd5+ Kc4 54.Rd2 Rf1+ 55.Ke4 Rg1  1-0

[Event "RUS-chT"]
[Site "Briansk"]
[Date "1995.??.??"]
[Round "3"]
[White "Arakelian, Eduard"]
[Black "Paronjan, Aleksandar"]
[Result "1/2-1/2"]
[WhiteElo "2415"]
[BlackElo "2370"]

1.c4 c6 2.d4 d5 3.Nc3 Nf6 4.e3 e6 5.a3 Nbd7 6.Bd3 Bd6 7.Nf3 O-O 8.O-O e5
9.cxd5 cxd5 10.Nb5 Bb8 11.dxe5 Nxe5 12.Nbd4 Nxd3 13.Qxd3 Bg4 14.b3 a6 15.Bb2 Bh5
16.Nf5 Bg6 17.N3h4 Re8 18.Nxg6 hxg6 19.Nd4 Be5  1/2-1/2

[Event "Bucharest"]
[Site "Bucharest"]
[Date "1995.??.??"]
[Round "6"]
[White "Badea, Bela"]
[Black "Doroshenko, Maxim"]
[Result "1-0"]
[WhiteElo "2490"]
[BlackElo "2330"]

1.c4 c6 2.e4 d5 3.exd5 Nf6 4.Qa4 e5 5.Nf3 Bc5 6.b4 e4 7.bxc5 exf3 8.gxf3 Qe7+
9.Be2 O-O 10.Nc3 Re8 11.d4 cxd5 12.Bg5 Bd7 13.Qc2 dxc4 14.O-O-O b5 15.Rhe1 Nc6
16.Qd2 Bf5 17.Bxc4 Qd7 18.Bxb5 Nd5 19.Rxe8+ Rxe8 20.Ne4 Rb8 21.Ba4 Rb4 22.Bb3 Rxd4
23.Qxd4 Nxd4 24.Rxd4 Be6 25.Bxd5 h6 26.Be3 Bxd5 27.Nc3 Kf8 28.Rxd5 Qc6 29.Rd8+ Ke7
30.Rd6 Qxf3 31.Kd2 f5 32.Nd5+ Kf7 33.c6 f4 34.Nxf4 Qe4 35.Nd3 Qa4 36.Bc5 Qxa2+
37.Ke3 Qa5 38.Rd7+ Ke8 39.Rxa7 Qb5 40.Rxg7 Qc4 41.c7 Qe6+ 42.Kd2 Qa2+ 43.Ke1 Qb1+
44.Ke2 Qa2+ 45.Kf1 Qa1+ 46.Ne1 Qa6+ 47.Kg1 Qe6 48.Re7+  1-0

[Event "Bucharest"]
[Site "Bucharest"]
[Date "1995.??.??"]
[Round "8"]
[White "Berechet, Otiliu"]
[Black "Doroshenko, Maxim"]
[Result "1-0"]
[WhiteElo "2415"]
[BlackElo "2330"]

1.c4 c6 2.e4 d5 3.exd5 cxd5 4.d4 Nf6 5.Nc3 e6 6.Nf3 Bb4 7.Bd3 O-O 8.O-O dxc4
9.Bxc4 Qc7 10.Qd3 Bxc3 11.bxc3 Nbd7 12.Bg5 b6 13.Bb3 Bb7 14.Rfe1 b5 15.Rac1 a6
16.c4 bxc4 17.Bxc4 Qd6 18.Ne5 Nxe5 19.dxe5 Qxd3 20.Bxd3 Nd5 21.Rb1 Bc6 22.Rec1 Rfc8
23.Rb2 h6 24.Bd2 Bb5 25.Bc2 Rc7 26.Ba5 Rc6 27.Re1 Rac8 28.Bd1 Nf4 29.a4 Bc4
30.Re4 Nd5 31.Rd4 Rc5 32.Bd2 Ne7 33.f4 Nf5 34.Rd7 Bd5 35.Kf2 Bc6 36.Ra7 Rd8
37.Rxa6 Rcd5 38.Ke1 Bb7 39.Ra7 Bc6 40.Bf3 Rc5 41.Rc7 Nd4 42.Bxc6 Rxc6 43.Rbb7 Rxc7
44.Rxc7 Rc8 45.Rc4 Nb3 46.Bc3 Kh7 47.Kd1 Na5 48.Rc7 Kg6 49.Kc2 h5 50.g3  1-0

[Event "Budapest FS07 GM"]
[Site "Budapest"]
[Date "1995.??.??"]
[Round "?"]
[White "Csom, Istvan"]
[Black "Godena, Michele"]
[Result "1/2-1/2"]
[WhiteElo "2455"]
[BlackElo "2420"]

1.c4 c6 2.Nf3 d5 3.e3 Nf6 4.Nc3 Nbd7 5.d4 e6 6.Qc2 Bd6 7.cxd5 exd5 8.Bd2 a6
9.Bd3 Qe7 10.O-O O-O  1/2-1/2

[Event "Budapest Hungaroil"]
[Site "Budapest"]
[Date "1995.??.??"]
[Round "1"]
[White "Hoelzl, Franz"]
[Black "Gaertner, Guntram"]
[Result "1-0"]
[WhiteElo "2355"]
[BlackElo "2275"]

1.c4 c6 2.Nf3 d5 3.e3 Nf6 4.d4 a6 5.Nbd2 g6 6.Bd3 Bg7 7.Qc2 O-O 8.b3 Nbd7
9.h3 c5 10.Bb2 b6 11.O-O Bb7 12.Rac1 Rc8 13.Qb1 Rc7 14.Rfe1 Qa8 15.cxd5 Nxd5
16.e4 Nf4 17.Bf1 e6 18.g3 Nh5 19.Bg2 Rfc8 20.Nc4 cxd4 21.Nd6 Rxc1 22.Bxc1 Rd8
23.Bg5 f6 24.Bd2 Bf8 25.Nxb7 Qxb7 26.e5 Qb8 27.g4 Ng7 28.exf6 Nxf6 29.Bg5 Be7
30.Ne5 Re8 31.Nc6 Qd6 32.Qd3 Nd5 33.Nxe7+ Nxe7 34.Bf6 Rd8 35.Qxa6 Ne8 36.Qc4 Nxf6
37.Rxe6 Qc5 38.Rd6+ Qxc4 39.Rxd8+  1-0

[Event "Budapest FS08 GM"]
[Site "Budapest"]
[Date "1995.??.??"]
[Round "2"]
[White "Lengyel, Levente"]
[Black "Lehmann, Zoltan"]
[Result "1/2-1/2"]
[WhiteElo "2365"]
[BlackElo "2335"]

1.c4 c6 2.d4 d5 3.Nf3 Nf6 4.cxd5 cxd5 5.Nc3 Nc6 6.Bf4 Bf5 7.e3 e6 8.Bb5 Bd6
9.Bg3 O-O 10.O-O Bxg3 11.hxg3 Rc8 12.Qa4 a6 13.Be2 Qe7  1/2-1/2

[Event "Budapest Statistika"]
[Site "Budapest"]
[Date "1995.??.??"]
[Round "2"]
[White "Kraschl, Joerg"]
[Black "Niklasch, Oliver"]
[Result "1/2-1/2"]
[WhiteElo "2320"]
[BlackElo "2320"]

1.c4 c6 2.e4 d5 3.cxd5 cxd5 4.exd5 Nf6 5.Bb5+ Nbd7 6.Nc3 g6 7.d4 Bg7 8.d6 exd6
9.Qe2+ Kf8 10.Bc4 Nb6 11.Bb3 Bg4 12.Nf3 Qd7 13.h3 Re8 14.Be3 Be6 15.O-O h6
16.Rfe1 Kg8 17.Qb5 Rd8 18.Bxe6 fxe6 19.Qd3 Qf7 20.Bd2 Nfd5 21.Re4 a6 22.Rae1 Re8
23.Nxd5 Nxd5 24.Qe2 Nc7 25.Ba5 Nb5 26.Bb6 d5 27.Rxe6 Rxe6 28.Qxe6 Qxe6 29.Rxe6 Kf7
30.Re2 Rc8 31.Bc5 Bf6 32.a4 Nc7 33.Ne5+ Bxe5 34.Rxe5 Re8 35.Bd6 Rxe5 36.Bxe5 Ne6
37.f4 Nd8 38.Kf2 Nc6 39.Ke3 h5 40.g4 hxg4 41.hxg4 Ke6 42.Bc7 b5 43.axb5 axb5
44.Bb6 Nb4 45.Bc5 Nc6 46.b4 Kf6 47.Kf3 Nd8 48.Kg3 Nc6 49.Kh4 Nd8 50.Bd6 Nc6
51.Kh3 Ke6 52.Bc5 Kf6 53.Kh4 Nd8  1/2-1/2

[Event "Budapest FS05 IM"]
[Site "Budapest"]
[Date "1995.??.??"]
[Round "3"]
[White "Shurygin, Sergey"]
[Black "Thallinger, Harald"]
[Result "1/2-1/2"]
[WhiteElo "2295"]
[BlackElo "2205"]

1.c4 c6 2.e4 d6 3.d4 Nd7 4.Nf3 e5 5.Nc3 Be7 6.g3 Ngf6 7.Bg2 O-O 8.O-O a6
9.Qc2 b5 10.Rd1 b4 11.Na4 Qc7 12.c5 d5 13.Nxe5 Nxe5 14.dxe5 Nxe4 15.f3 Ng5
16.h4 Ne6 17.f4 g6 18.Be3 Ng7 19.Nb6 Ra7 20.Nxc8 Qxc8 21.Kh2 Nf5 22.Qe2 Nxe3
23.Qxe3 f5 24.Rac1 a5 25.Bf3 h5 26.Qb3 Kg7 27.Rd4 Qa6 28.Rd2 Rb8 29.Be2 a4
30.Qe3 Qb7 31.Bd1  1/2-1/2

[Event "Budapest FS05 GM"]
[Site "Budapest"]
[Date "1995.??.??"]
[Round "4"]
[White "Beim, Valery"]
[Black "Wallace, John Paul"]
[Result "1-0"]
[WhiteElo "2540"]
[BlackElo "2345"]

1.c4 c6 2.e4 d5 3.exd5 cxd5 4.d4 Nf6 5.Nc3 e6 6.Nf3 Bb4 7.cxd5 Nxd5 8.Qc2 Nc6
9.Be2 O-O 10.O-O Nf6 11.a3 Be7 12.Rd1 Bd7 13.Bc4 Rc8 14.Ba2 Qc7 15.Qe2 Rfe8
16.Ne5 a6 17.Bg5 Bd6 18.Bxf6 gxf6 19.Qg4+ Kf8 20.Nxd7+ Qxd7 21.d5 Ne5 22.Qh4 exd5
23.Qh6+ Kg8 24.Nxd5 Ng4 25.Nxf6+ Nxf6 26.Qg5+ Kf8 27.Qxf6 Rc6 28.Qh8+ Ke7
29.Qxh7  1-0

[Event "Budapest Hungaroil"]
[Site "Budapest"]
[Date "1995.??.??"]
[Round "5"]
[White "Lengyel, Levente"]
[Black "Gaertner, Guntram"]
[Result "1/2-1/2"]
[WhiteElo "2365"]
[BlackElo "2275"]

1.c4 c6 2.e4 d5 3.exd5 cxd5 4.d4 e6 5.Nc3 Bb4 6.Nf3 Nf6 7.Bd3 dxc4 8.Bxc4 O-O
9.O-O b6 10.Bg5 Bb7 11.Rc1 Nbd7 12.Qe2 Rc8 13.Bd3 Bxc3 14.bxc3 Qc7  1/2-1/2

[Event "Budapest Mediflora"]
[Site "Budapest"]
[Date "1995.??.??"]
[Round "5"]
[White "Feher, Gyula"]
[Black "Varga, Peter"]
[Result "1/2-1/2"]
[WhiteElo "2420"]
[BlackElo "2440"]

1.c4 c6 2.e4 d5 3.exd5 cxd5 4.d4 Nf6 5.Nc3 Nc6 6.Bg5 dxc4 7.d5 Ne5 8.Nf3 Qd6
9.Be2 Nxf3+ 10.Bxf3 g6 11.O-O Bg7 12.Qa4+ Bd7 13.Qxc4 O-O 14.Rfe1 Rac8 15.Qb3 b6
16.Rad1 Rfe8 17.g3 h6 18.Be3 Ng4 19.Bd4 Bxd4 20.Rxd4 Nf6 21.Qd1 Kg7 22.Rd3 b5
23.Rde3 b4 24.Ne4 Nxe4 25.Rxe4 a5 26.Kg2 e5 27.dxe6 Qxd1 28.Rxd1 Bxe6 29.a3 bxa3
30.bxa3 Rc3 31.Re3 Rxe3 32.fxe3 Rb8 33.Bd5 Rb2+ 34.Kg1 Kf6 35.Bxe6 Kxe6 36.Rd4 f5
37.Ra4 Ke5 38.Rxa5+ Ke4 39.Ra4+ Kf3 40.Rf4+ Kxe3 41.h4 h5 42.a4 Ra2 43.Kf1 Rb2
44.Kg1 Rc2 45.Kf1  1/2-1/2

[Event "Budapest FS11 GM"]
[Site "Budapest"]
[Date "1995.??.??"]
[Round "6"]
[White "Lengyel, Levente"]
[Black "Acs, Peter"]
[Result "1/2-1/2"]
[WhiteElo "2365"]
[BlackElo "2370"]

1.c4 c6 2.e4 d5 3.exd5 cxd5 4.d4 Nf6 5.Nc3 e6 6.Nf3 Be7 7.cxd5 Nxd5 8.Bd3 Nc6
9.O-O O-O 10.Re1 Bf6 11.Be4 Nce7 12.Qd3 h6 13.Ne5 Nc6 14.Bxd5 exd5 15.Bf4 Ne7
16.Qb5 b6 17.Rad1 Be6 18.h3 Qc8 19.Rc1 Qb7  1/2-1/2

[Event "Budapest Statistika"]
[Site "Budapest"]
[Date "1995.??.??"]
[Round "6"]
[White "Kraschl, Joerg"]
[Black "Koerholz, Ludger"]
[Result "0-1"]
[WhiteElo "2320"]
[BlackElo "2350"]

1.c4 c6 2.d4 Nf6 3.Nf3 d5 4.cxd5 cxd5 5.Nc3 Nc6 6.Bf4 Ne4 7.e3 e6 8.Nxe4 dxe4
9.Nd2 Bb4 10.a3 Bxd2+ 11.Qxd2 O-O 12.Be2 Qd5 13.Rc1 Rd8 14.Rc5 Qxc5 15.dxc5 Rxd2
16.Kxd2 e5 17.Bg3 Be6 18.b4 f6 19.Kc3 Ne7 20.Rd1 Nd5+ 21.Kb2 Kf8 22.Bc4 Nxe3
23.fxe3 Bxc4 24.Rd7 Rb8 25.Be1 Bb5 26.Rd6 Ke7 27.Rd2 Bd3 28.Rf2 Ke6 29.g4 h5
30.g5 fxg5 31.Kc1 Rc8 32.Kd1 g4 33.Bd2 Bb5 34.Bc3 b6 35.cxb6 axb6 36.Bb2 Rd8+
37.Rd2 Bd3 38.Ke1 b5 39.Kf2 Rf8+ 40.Kg2 Rf3 41.Rf2 h4 42.Rxf3 exf3+ 43.Kf2 g3+
44.hxg3 h3 45.Kxf3 Be4+  0-1

[Event "Budapest FS05 GM"]
[Site "Budapest"]
[Date "1995.??.??"]
[Round "6"]
[White "Kalinitschew, Sergey"]
[Black "Rogozenko, Dorin"]
[Result "0-1"]
[WhiteElo "2465"]
[BlackElo "2440"]

1.c4 c6 2.e4 d5 3.exd5 cxd5 4.cxd5 Nf6 5.Bb5+ Nbd7 6.Nc3 a6 7.Bc4 Nb6 8.Bb3 Nbxd5
9.d4 e6 10.Nf3 Be7 11.O-O O-O 12.Ne5 Qd6 13.Qf3 b5 14.Nxd5 Nxd5 15.Bxd5 Qxd5
16.Qxd5 exd5 17.Be3 Bf5 18.g4 Be6 19.f4 f6 20.Nc6 Bd6 21.f5 Bd7 22.Rac1 Rfe8
23.Kf2 g6 24.fxg6 Bxg4 25.gxh7+ Kxh7 26.Na5 Rxe3 27.Kxe3 Re8+ 28.Kd3 Be2+
29.Kc2 Bxf1 30.Rxf1 Kg6 31.Rg1+ Kf5 32.Rf1+ Bf4 33.Nb7 Re2+ 34.Kb3 Rxh2 35.Nc5 a5
36.a4 b4 37.Nb7 Rh3+ 38.Kc2 b3+ 39.Kb1 Ke4 40.Nxa5 f5 41.Nc6 Ke3 42.Ka1 Ke2
43.Rb1 Bd2 44.a5 Rh6 45.Ne7 f4 46.Nxd5 f3 47.Nc3+ Bxc3 48.bxc3 Ra6 49.Kb2 Rxa5
50.c4 Ra8 51.d5 f2 52.d6 Rc8 53.Kc3 Rc6 54.d7 Rd6 55.Kxb3 Rxd7 56.Kc3 Rd1  0-1

[Event "Budapest FS06 IM"]
[Site "Budapest"]
[Date "1995.??.??"]
[Round "7"]
[White "Bernei, Andras"]
[Black "Acs, Peter"]
[Result "0-1"]
[WhiteElo "2325"]
[BlackElo "2240"]

1.c4 c6 2.Nc3 d5 3.cxd5 cxd5 4.d4 Nf6 5.Bf4 Nc6 6.e3 a6 7.Bd3 Bg4 8.Nf3 e6
9.h3 Bh5 10.O-O Bd6 11.Bxd6 Qxd6 12.Rc1 O-O 13.a3 Rac8 14.g4 Bg6 15.Bxg6 fxg6
16.Qe2 h5 17.gxh5 Nxh5 18.Ng5 Rf5 19.f4 Ng3 20.Qg4 Nxf1 21.Rxf1 Nd8 22.Nf3 Rf6
23.Ne5 Nf7 24.Nxg6 Nh6 25.Qg5 Kh7 26.Ne5 Nf7 27.Qh5+ Kg8 28.Ng4 Rf5 29.Qh4 Qd8
30.Qg3 Rh5 31.Rf3 Qh4 32.Qg2 Nd6 33.Ne5 Qf6 34.Ng4 Qg6 35.Rf1 Nf5 36.Kh2 Nh6
37.Rg1 Nxg4+ 38.Qxg4 Qxg4 39.Rxg4 Kf7 40.Kg3 Rhh8 41.Rg5 g6 42.e4 Rh5 43.Rxh5 gxh5
44.f5 exf5 45.exd5 Rc4 46.Kf4 Kf6 47.Ke3 b5 48.Kd3 h4 49.a4 Rb4 50.axb5 axb5  0-1

[Event "Budapest FS11 IM-B"]
[Site "Budapest"]
[Date "1995.??.??"]
[Round "7"]
[White "Kuljabin, Vadim"]
[Black "Turzo, Attila"]
[Result "0-1"]
[WhiteElo "2230"]
[BlackElo "2310"]

1.c4 c6 2.b3 d5 3.Bb2 Nf6 4.g3 Bg4 5.Bg2 Nbd7 6.f4 e6 7.Nf3 Qb6 8.cxd5 exd5
9.Nc3 Bb4 10.Qc2 O-O 11.h3 Bxf3 12.Bxf3 Rfe8 13.g4 Nc5 14.O-O-O d4 15.g5 Nfd7
16.Ne4 d3 17.exd3 Qa6 18.d4 Nd3+ 19.Kb1 Nxf4 20.Qc4 Qa5 21.Nc5 Nb6 22.Qc2 Nbd5
23.Nxb7 Qa6 24.Bxd5 Nxd5 25.Nc5 Qa5 26.Nd3 Rac8 27.Rhe1 Rxe1 28.Rxe1 Bxd2
29.Qxc6 Qd8 30.Qb7 Bxe1 31.Nxe1 g6 32.Nd3 Nc3+ 33.Ka1 Rc7 34.Qb4 Nd5 35.Qd2 Qd7
36.Qe1 Rc8 37.h4 Qf5 38.Ne5 Kg7 39.a3 Rc2 40.Nc4 Rh2 41.Nd6 Qe6 42.Qe5+ Qxe5
43.dxe5 Kf8 44.Bd4 a6 45.b4 Ke7 46.b5 axb5 47.Nxb5 Rxh4 48.Kb2 Kd7 49.a4 Nc7
50.Kc3 Nxb5+ 51.axb5 Rg4 52.Be3 Ke6 53.b6 Kd7 54.Kd3 Kc6 55.Kc3 Re4 56.Bd4 Re2
57.Kd3 Rg2 58.Be3 Rb2 59.Ke4 Rb4+ 60.Bd4 Ra4 61.Kd3 Kd5 62.Bf2 Ra3+ 63.Kc2 Kc4
64.Bd4 Rb3 65.Bf2 Rb5 66.Kd2 Rxe5 67.Bg3 Rb5 68.Bc7 Kd5 69.Ke3 Kc6 70.Kf4 Rf5+
71.Kg4 f6 72.gxf6 Rxf6  0-1

[Event "Budapest FS08 GM"]
[Site "Budapest"]
[Date "1995.??.??"]
[Round "8"]
[White "Lehmann, Zoltan"]
[Black "Acs, Peter"]
[Result "1-0"]
[WhiteElo "2335"]
[BlackElo "2370"]

1.c4 c6 2.Qa4 e5 3.Nc3 Nf6 4.g3 Bc5 5.Bg2 O-O 6.b4 Be7 7.e4 Na6 8.a3 Nc7
9.Nf3 d5 10.cxd5 cxd5 11.exd5 Ncxd5 12.O-O e4 13.Ng5 Nxc3 14.dxc3 Qd3 15.Be3 Bg4
16.Bd4 Bf5 17.Rfe1 a5 18.Qd1 Qc4 19.Nxe4 Rad8 20.Qe2 Qxe2 21.Rxe2 Bxe4 22.Bxe4 Nxe4
23.Rxe4 Bf6 24.Bxf6 gxf6 25.bxa5 Rd5 26.Rg4+ Kh8 27.Rb1 Rxa5 28.Rxb7 Rxa3
29.c4 Rc3 30.Rb6 f5 31.Rf4 Rc8 32.Rxf5 Rc7 33.Rh6 R3xc4 34.Rfh5 Kg7 35.Rxh7+ Kf6
36.Rh4 Rc1+ 37.Kg2 R1c2 38.Rf4+ Kg6 39.Rh8 Rb2 40.Rg8+ Kh7 41.Rg5 Kh6 42.h4 Rb6
43.Rff5 Rg6 44.Rxg6+ fxg6 45.Ra5 Rc4 46.Kh3 Rb4 47.f4 Rb8 48.h5  1-0

[Event "Schneider mem op"]
[Site "Budapest"]
[Date "1995.??.??"]
[Round "9"]
[White "Czebe, Attila"]
[Black "Peredy, Ferenc"]
[Result "1-0"]
[WhiteElo "2430"]
[BlackElo "2230"]

1.c4 c6 2.b3 d5 3.Bb2 Nf6 4.Nf3 Bf5 5.e3 e6 6.Be2 h6 7.O-O Nbd7 8.a3 a5 9.d3 Be7
10.Nbd2 O-O 11.Qc2 Bh7 12.Bc3 Nc5 13.Ne5 Nfd7 14.Nxd7 Qxd7 15.Rfd1 b5 16.Bd4 Rfc8
17.b4 axb4 18.axb4 Na6 19.Qb2 f6 20.Bc3 Nc7 21.e4 e5 22.Qb3 Kh8 23.h3 Rxa1
24.Bxa1 d4 25.Bg4 f5 26.exf5 Bxf5 27.Bxf5 Qxf5 28.Re1 Bf6 29.Ne4 Rb8 30.cxb5 Nxb5
31.Qf7 Rd8 32.Rc1 Nc3 33.Bxc3 dxc3 34.Rxc3 Rc8 35.Nd6  1-0

[Event "Budapest FS11 GM"]
[Site "Budapest"]
[Date "1995.??.??"]
[Round "9"]
[White "Csom, Istvan"]
[Black "Lengyel, Levente"]
[Result "1-0"]
[WhiteElo "2455"]
[BlackElo "2365"]

1.c4 c6 2.Nf3 d5 3.e3 Nf6 4.Nc3 e6 5.Qc2 Nbd7 6.d4 Bd6 7.b3 O-O 8.Bb2 e5
9.cxd5 cxd5 10.dxe5 Nxe5 11.Be2 Bg4 12.h3 Nxf3+ 13.gxf3 Be6 14.Nb5 Bb4+ 15.Kf1 Rc8
16.Qd1 a6 17.Nd4 Bc3 18.Bxc3 Rxc3 19.Qd2 Rc7 20.h4 Qd7 21.Bd3 Ne8 22.Ke2 Nd6
23.Rag1 Bf5 24.Rg5 Bxd3+ 25.Qxd3 f5 26.Rhg1 Rf7 27.a4 b5 28.Ra1 Rc8 29.axb5 axb5
30.Ra6 Kh8 31.Qd2 Rf6 32.Qa5 h6 33.Rg1 Rc7 34.f4 Kh7 35.Qb4 Rc8 36.Rga1 Rc7
37.Rb6 Ne4 38.Rxf6 gxf6 39.Qf8 Nd6 40.Qa8 Ne4 41.f3 Nc5 42.Qf8 Ne6 43.Qxf6 Nxd4+
44.Qxd4 Qe6 45.Qe5 Qf7 46.Ra6 Re7 47.Rf6  1-0

[Event "Budapest FS08 GM"]
[Site "Budapest"]
[Date "1995.??.??"]
[Round "10"]
[White "Beim, Valery"]
[Black "Acs, Peter"]
[Result "1-0"]
[WhiteElo "2545"]
[BlackElo "2370"]

1.c4 c6 2.e4 d5 3.exd5 cxd5 4.d4 Nf6 5.Nc3 e6 6.Nf3 Be7 7.cxd5 Nxd5 8.Bd3 O-O
9.O-O Nc6 10.Re1 Bf6 11.Be4 Nce7 12.Qd3 g6 13.Bh6 Bg7 14.Qd2 Qd6 15.Ne5 Nf5
16.Bxg7 Kxg7 17.Rad1 Nf6 18.g4 Ne7 19.Re3 Ned5 20.Rh3 Ng8 21.Bg2 f6 22.Nc4 Qd8
23.Re1 b6 24.Rg3 Ba6 25.Ne3 Bb7 26.Nexd5 exd5 27.Rge3 Qd7 28.h3 Kf7 29.Qe2 Kg7
30.Re6 Rf7 31.Qb5 Rd8 32.Qb4 Qc7 33.Nb5 Qc4 34.Qxc4 dxc4 35.Nd6 Bxg2 36.Nxf7 Kxf7
37.Kxg2 Rxd4 38.Rc6 Rd2 39.Rxc4 Rxb2 40.Rc7+ Kf8 41.Rxa7  1-0

[Event "Budapest FS10 GM"]
[Site "Budapest"]
[Date "1995.??.??"]
[Round "10"]
[White "Szekely, Peter"]
[Black "Almasi, Istvan"]
[Result "1/2-1/2"]
[WhiteElo "2435"]
[BlackElo "2395"]

1.c4 c6 2.Nc3 d5 3.cxd5 cxd5 4.d4 Nf6 5.Bf4 Nc6 6.e3 a6 7.Bd3 Bg4 8.Nge2 e6
9.h3 Bh5 10.O-O Bd6 11.Bxd6 Qxd6  1/2-1/2